Country Flag Combinations - Statistics

General Stats
  • This quiz has been taken 13 times
  • The average score is 17 of 32
Answer Stats
Answers % Correct
Mexico
100%
Georgia
82%
Singapore
82%
Switzerland
82%
Brazil
73%
Greece
64%
India
64%
Canada
55%
Cuba
55%
Ethiopia
55%
Ghana
55%
Iran
55%
Kiribati
55%
Nauru
55%
Oman
55%
Senegal
55%
Uganda
55%
Australia
45%
Dominica
45%
Egypt
45%
Guyana
45%
Haiti
45%
Kyrgyzstan
45%
Lesotho
45%
Uruguay
45%
Cabo Verde
36%
Cameroon
36%
Burkina Faso
27%
Dominican Republic
27%
Equatorial Guinea
27%
St. Kitts and Nevis
27%
Namibia
18%
No matching quizzes found
Score Distribution
Percent of People with Each Score
Percentile by Number Answered
Your Score History
You have not taken this quiz